Statistics for Largest Cities by Different Criteria

Click here to take the quiz!

General Stats

  • This quiz has been taken 70 times
  • The average score is 35 of 44

Answer Stats

Answer% Correct
Tokyo
100%
Istanbul
98%
New York City
98%
Shanghai
98%
Delhi
97%
Los Angeles
97%
Mumbai
97%
Moscow
95%
Cairo
94%
Guangzhou
94%
Lagos
94%
Rio de Janeiro
94%
London
92%
Mexico City
92%
Paris
92%
Sao Paulo
92%
Seoul
92%
Beijing
90%
Kolkata
90%
Buenos Aires
89%
Jakarta
89%
Osaka
89%
Dhaka
87%
Karachi
87%
Bangkok
85%
Manila
85%
Wuhan
85%
Tehran
82%
Bogota
81%
Kinshasa
81%
Lima
81%
Lahore
79%
Tianjin
77%
Chicago
73%
Shenzhen
71%
Chongqing
63%
Chengdu
60%
Nagoya
60%
Dallas
42%
Hangzhou
35%
Harbin
27%
Pune
23%
Jinan
15%
Suzhou
10%

Score Distribution

Percentile by Number Answered

Percent of People with Each Score

Your Score History

You have not taken this quiz